00756nam a22002297a 450000500170000001000130001702000220003003500130005203700160006504000120008108200130009310000270010624500450013326000260017827000290020430000330023365000440026665000530031094200220036399900190038595201220040420170124110122.0 aA-055545 c00.00a0002118580 aA-055545 bCen Lib/Ret aDPLbEN a921bCAS aCassidy, Sheila930707 aAudacity to believe /cby Sheila Cassidy aLondonbCollinsc1977 aSt James's PlacebLondon axiv,333p. : c21cm(Hb)bill. aSurgeons -- England -- Biography930708 aPolitical prisoners -- Chile -- Biography930709 2ddccENh921mCAS c131061d131061 00104070aLbLd2015-07-13eCen Lib/Ret g0.00l0o921 CASpA-055545r2015-07-13 00:00:00t1v0.00w2016-09-15yEN